| 000 | 00000nam 2200000za 4500 |
| 001 | 9.629576 |
| 003 | CaOODSP |
| 005 | 20230925090743 |
| 007 | cr ||||||||||| |
| 008 | 150407s2014 onc|||||o f|0| 0 eng d |
| 020 | |a978-1-100-24144-9 |
| 040 | |aCaOODSP|beng |
| 043 | |an-cn--- |
| 086 | 1 |aSB4-34/2014E-PDF |
| 110 | 2 |aLibrary and Archives Canada. |
| 245 | 10|aClass FC |h[electronic resource] : |ba classification for Canadian history. |
| 250 | |a3rd ed. |
| 260 | |aOttawa : |bLibrary and Archives Canada, |c2014. |
| 300 | |a[130] p. : |btables. |
| 500 | |aIssued also in French under title: Class FC : une classifcation pour l'histoire du Canada. |
| 690 | 07|aCataloguing|2gcpds |
| 775 | 08|tClasse FC |w(CaOODSP)9.677167 |
| 794 | |tClass FC : |b4th edition|w(CaOODSP)9.927701 |
| 856 | 40|qPDF|s1.24 MB|uhttps://publications.gc.ca/collections/collection_2015/bac-lac/SB4-34-2014-eng.pdf |